Book of animal poetry: (Record no. 5845)

MARC details
000 -LEADER
fixed length control field 01028nam a22002657a 4500
001 - CONTROL NUMBER
control field 5845
003 - CONTROL NUMBER IDENTIFIER
control field FISKH
005 - DATE AND TIME OF LATEST TRANSACTION
control field 20250124125510.0
008 - FIXED-LENGTH DATA ELEMENTS--GENERAL INFORMATION
fixed length control field 250124b cb ||||| |||| 00| 0 eng d
020 ## - INTERNATIONAL STANDARD BOOK NUMBER
International Standard Book Number 9780545565554
040 ## - CATALOGING SOURCE
Original cataloging agency FISKH
Language of cataloging eng
Transcribing agency FISKH
Modifying agency FISKH
050 ## - LIBRARY OF CONGRESS CALL NUMBER
Classification number PN6110.A7
082 ## - DEWEY DECIMAL CLASSIFICATION NUMBER
Classification number 808.81
100 ## - MAIN ENTRY--PERSONAL NAME
Personal name Lewis, J. Patrick
245 ## - TITLE STATEMENT
Title Book of animal poetry:
Remainder of title 200 poems with photographs that Squeak, Soar, and Roar! /
Statement of responsibility, etc. Edited by by J. Patrick Lewis , U.S. Children's Poet Leaureate
250 ## - EDITION STATEMENT
Edition statement First Scholastic printing, March 2013
260 ## - PUBLICATION, DISTRIBUTION, ETC.
Place of publication, distribution, etc. New York :
Name of publisher, distributor, etc. Scholastic ,
Date of publication, distribution, etc. 2012.
300 ## - PHYSICAL DESCRIPTION
Extent 183 pages :
Other physical details color illurstrations ;
Dimensions 24 cm .
490 ## - SERIES STATEMENT
Series statement National Geographic
520 ## - SUMMARY, ETC.
Summary, etc. Combines photography with lyrical text celebrating the animal world, in a compilation that includes works by such poets as Emily Dickinson, Robert Frost and Rudyard Kipling.
650 ## - SUBJECT ADDED ENTRY--TOPICAL TERM
Topical term or geographic name entry element photographs
Form subdivision fiction
700 ## - ADDED ENTRY--PERSONAL NAME
Personal name Moloney, Hillary
Relator term illustrations assistant
942 ## - ADDED ENTRY ELEMENTS (KOHA)
Source of classification or shelving scheme Dewey Decimal Classification
Koha item type Books
Suppress in OPAC No
Holdings
Withdrawn status Lost status Source of classification or shelving scheme Damaged status Not for loan Collection Home library Current library Shelving location Date acquired Total Checkouts Full call number Barcode Date last seen Price effective from Koha item type
    Dewey Decimal Classification     Fiction Footprints International School Library Network Toul Kork Campus Footprints International School Library Network Toul Kork Campus TTP Secondary Fiction Bookshelves 01/24/2025   LWE 808.81 PN6110.A7 FIS04803 01/24/2025 01/24/2025 Books